| 000 | 00502cam a2200205ua 4500 | ||
|---|---|---|---|
| 001 | 8259 | ||
| 008 | 150113n ii |||gr||||Z||||||eng | ||
| 020 | _a9780195668063 | ||
| 040 | _cMAIN | ||
| 041 | _aeng | ||
| 082 | _a808.88 | ||
| 100 |
_aSingh, V. R., _eAuthor. |
||
| 245 | 1 |
_aThe written words _cBy Vandana R. Singh |
|
| 250 | _a3rd. | ||
| 260 |
_aNew Delhi: _bOxford, _c2007. |
||
| 300 | _axiii,324p. | ||
| 653 | _aRhetoric & collections of literature | ||
| 653 | _aWritten words | ||
| 942 | _cBK | ||
| 999 |
_c7374 _d7374 |
||